Statistics for Atlanta Hawks Quiz

Click here to take the quiz!

General Stats

  • This quiz has been taken 17 times
  • The average score is 19 of 31

Answer Stats

Answer % Correct
4
100%
1
100%
Eastern
100%
9
100%
Southeast
94%
55
94%
5
94%
21
94%
Torch Red
88%
1946
88%
Bob Pettit
88%
St. Louis
88%
44
88%
Atlanta, Georgia
88%
23
81%
Dominique Wilkins
81%
Dikembe Mutombo
75%
Pete Maravich
69%
Lou Hudson
56%
Georgia Granite Gray
50%
Volt Green
44%
Lloyd Pierce
38%
Milwaukee
25%
State Farm Arena
25%
Tri-Cities
13%
Buffalo
13%
Sharecare
13%
Travis Schlenk
13%
College Park Skyhawks
6%
Tony Ressler
6%
Kasim Reed
0%

Score Distribution

Percentile by Number Answered

Percent of People with Each Score

Your Score History

You have not taken this quiz